[Event "Modena Province-ch 11"]
[Site "Modena"]
[Date "2010.12.10"]
[Round "1"]
[White "Verrelli, Adriano"]
[Black "Di Trapani, Luigi"]
[Result "0-1"]
[WhiteElo "1911"]
[BlackElo "1610"]
[PlyCount "58"]
[EventDate "2010.12.10"]
[EventType "swiss"]
[EventRounds "5"]
[EventCountry "ITA"]
[SourceTitle "EXT 2024"]
[Source "ChessBase"]
[SourceDate "2023.10.10"]
[SourceVersion "1"]
[SourceVersionDate "2023.10.10"]
[SourceQuality "1"]

1. e4 d6 2. d4 Nf6 3. Nc3 c6 4. Bc4 b5 5. Be2 b4 6. Na4 Nxe4 7. d5 Nf6 8. dxc6 Nxc6 9. Bg5 Qa5 10. Bxf6 gxf6 11. b3 Bg7 12. Nb2 f5 13. Nc4 Bc3+ 14. Kf1 Qc7 15. Rb1 a5 16. Nf3 Bb7 17. Qd3 f4 18. Ng5 Rg8 19. Qf5 Bf6 20. Nxh7 Nd4 21. Nxf6+ exf6 22. Qxf4 Bxg2+ 23. Ke1 Bxh1 24. Qxd4 Rg1+ 25. Bf1 0-0-0 26. Qxf6 Bg2 27. Ke2 Re8+ 28. Ne3 Qxc2+ 29. Ke1 Rxf1# 0-1

[Event "Modena Province-ch"]
[Site "Modena"]
[Date "2009.12.12"]
[Round "3"]
[White "Verrelli, Adriano"]
[Black "Ferraguti, Francesco"]
[Result "1-0"]
[WhiteElo "1611"]
[BlackElo "1660"]
[PlyCount "143"]
[EventDate "2009.12.11"]
[EventType "swiss"]
[EventRounds "5"]
[EventCountry "ITA"]
[SourceTitle "EXT 2012"]
[Source "ChessBase"]
[SourceDate "2011.11.24"]
[SourceVersion "1"]
[SourceVersionDate "2011.11.24"]
[SourceQuality "1"]

1. e4 e5 2. Nf3 Nf6 3. Nxe5 d6 4. Nxf7 Kxf7 5. d4 Be7 6. Nc3 Be6 7. Qf3 Ke8 8. e5 dxe5 9. Qxb7 Nbd7 10. dxe5 Nxe5 11. Bb5+ Bd7 12. Bxd7+ Nexd7 13. Nb5 Bb4+ 14. c3 Ba5 15. Bf4 Rb8 16. Qc6 Rb6 17. Nxc7+ Qxc7 18. Bxc7 Rxc6 19. Bxa5 Nc5 20. 0-0-0 Kf7 21. f3 Re8 22. Bb4 Ne6 23. Rhe1 Nf4 24. Rxe8 Kxe8 25. Re1+ Re6 26. Rxe6+ Nxe6 27. Bd6 Kd7 28. Be5 Ne8 29. Kd2 g6 30. b4 Nd6 31. Kd3 Nb7 32. a4 Nbd8 33. Kc4 Nc6 34. Bg3 Nc7 35. b5 Na5+ 36. Kb4 Nb7 37. c4 Ne6 38. Bf2 a5+ 39. bxa6 Nbd8 40. a7 Nc7 41. Bb6 Nc6+ 42. Kc3 Na8 43. a5 Ne7 44. Kb4 Kc6 45. Kc3 Nf5 46. g3 Ne7 47. Kd4 Nf5+ 48. Ke5 Nd6 49. c5 Nc4+ 50. Kf6 Nd2 51. f4 Nf1 52. Kg7 Nxh2 53. Kxh7 Nf1 54. g4 Ne3 55. g5 Nd5 56. Kxg6 Nxf4+ 57. Kf5 Nd5 58. g6 Ne7+ 59. Kf6 Nxg6 60. Kxg6 Kd7 61. Kf7 Kc6 62. Ke6 Kb7 63. Kd7 Nxb6+ 64. axb6 Ka8 65. Kd8 Kb7 66. c6+ Ka8 67. c7 Kb7 68. c8Q+ Kxb6 69. a8R Kb5 70. Rb8+ Ka5 71. Qc1 Ka6 72. Qa3# 1-0